Click to Translate - Wolof - Statistics

General Stats
  • This quiz has been taken 284 times
  • The average score is 6 of 20
Answer Stats
Hint Answer % Correct
Goodbye Mangi dem
54%
Sorry Baal ma
43%
Thank you Jërejëf
42%
Head Bopp
38%
Eat Lekk
37%
Tea Attaaya
33%
Mother Yaay
33%
Yes Waaw
32%
Friend Xarit
32%
Go Dem
31%
Fish Jën
31%
House Kër
29%
Hot Tàng
28%
Where Fan
27%
Five Juroom
27%
Tomorrow Suba
27%
Spoon Kuddu
26%
West Soowu
20%
Book Téere
19%
Sunday Dibéer
18%
No matching quizzes found
Score Distribution
Percent of People with Each Score
Percentile by Number Answered
Your Score History
You have not taken this quiz